000 00462nam a2200181Ia 4500
003 GCL
008 140319s9999 xx 000 0 eng d
040 _aGCL /
_cGCL
082 0 4 _a843
_bL M
100 1 _aLAINE, PASCAL
245 1 0 _aMONSIEUR, VOUS OUBLIEZ VOTRE CADAVRE /
_cLAINE, PASCAL
260 _a[S.N] :
_bFOLIO ،
_c1991
300 _a214 P
490 _aRAMSAY EDITIONS
_v0
650 0 4 _aLITERATURE
650 0 4 _aFRENCH LITERATURE
942 _2ddc
_cBK
999 _c22029
_d22029